| 000 | 00700nam a2200265Ia 4500 | ||
|---|---|---|---|
| 003 | OSt | ||
| 005 | 20221007102021.0 | ||
| 006 | a|||||r|||| 00| 0 | ||
| 007 | ta | ||
| 008 | 221006b |||||||| |||| 00| 0 eng d | ||
| 024 | _a9,189 | ||
| 037 | _cTextual | ||
| 040 |
_aLCO _cLCO _beng |
||
| 041 |
_2eng _aeng |
||
| 082 | _aZ2,81, P2 | ||
| 100 | _aRao P.K. | ||
| 245 | 0 | _aSupreme Court and Parliament Right to Property and Economic Justice | |
| 250 | _a1st | ||
| 260 |
_aHyderabad _bLaw Bood Agency India _c2002 |
||
| 300 | _a695 | ||
| 650 |
_a RIGHT TO PROPERTY _9704153 |
||
| 650 | _aSUPREME COURT | ||
| 942 |
_hZ2,81, P2 _cTEXL |
||
| 999 |
_c1178752 _d1178752 |
||